000 00746nam a2200205Ia 4500
001 15826
003 GE_BSU
008 181216s||||||||xx |||||||||||||| ||und||
040 _cGE_BSU
080 _a821.353.1-1 + 821.353.1-11
100 _aცახელი, პარმენ
245 _aლექსები, პოემები
245 _cრედ.ე.ფალიანი. მხატვ.ჯ.ზენაიშვილი.შემდგ.: ქეთევან გელოვანი
260 _aთბილისი
260 _bსაქართველო
260 _c1990
300 _a134 გვ. ; 16 სმ. 1ფ. პორტრ.
653 _aლექსები, პოემები
942 _cBK
999 _c48923
_d48923